| 000 | 00648nam a2200193Ia 4500 | ||
|---|---|---|---|
| 003 | LDD | ||
| 008 | 190117s9999 xx 000 0 und d | ||
| 020 | _c₹700 | ||
| 040 | _cLDD | ||
| 041 | _ahi | ||
| 082 | _a8U1.09 मी64दी | ||
| 100 | _aमीर तकी | ||
| 245 | 0 |
_aदीवान-ए-मीर, मीर तकी की जीवनी और शायरी _cमीर तकी |
|
| 260 |
_aमुम्बई _bसीता महल |
||
| 300 | _a2 खण्ड | ||
| 901 | _aHBC | ||
| 904 | _aReqst by : विमल खांडेकर | ||
| 942 |
_2ddc _cH |
||
| 999 |
_c167028 _d167028 |
||